| 000 | 01920nam a2200505 i 4500 | ||
|---|---|---|---|
| 001 | 5763 | ||
| 003 | KOSZ 005 | ||
| 005 | 20200722111339.0 | ||
| 008 | 200722s1993 pl a f f 000 0 pol | ||
| 015 | _aPB 1994/521 | ||
| 040 |
_aWA N _cWA N _dKOSZ 005/HR _dKOSZ 005/RW |
||
| 046 | _k1993 | ||
| 080 | _a621.01 | ||
| 080 | _a004.42 | ||
| 080 | _a539.3/.6 | ||
| 080 | _a519.61/.64 | ||
| 080 | _a(075.8) | ||
| 100 | 1 |
_aWilczyński, Bogdan _eAutor |
|
| 245 | 1 | 0 |
_aWybrane metody komputerowe w mechanice : _b(algorytmy i opis programów) / _cBogdan Wilczyński. |
| 260 |
_aKoszalin : _bWydawnictwo Uczelniane Wyższej Szkoły Inżynierskiej, _c1993. |
||
| 300 |
_a174 strony : _brysunki, wykresy ; _c24 cm. |
||
| 336 |
_aTekst _btxt _2rdacontent |
||
| 337 |
_aBez urządzenia pośredniczącego _bn _2rdamedia |
||
| 338 |
_aWolumin _bnc _2rdacarrier |
||
| 380 | _aKsiążki | ||
| 380 | _aPublikacje naukowe | ||
| 380 | _aPublikacje dydaktyczne | ||
| 385 |
_mPoziom nauczania _aSzkoły wyższe |
||
| 388 | 1 | _a1901-2000 | |
| 388 | 1 | _a1989-2000 | |
| 490 | 1 | _aSkrypty / Wyższa Szkoła Inżynierska w Koszalinie. | |
| 504 | _aBibliografia na stronie 174. | ||
| 521 | 8 | _aSkrypt dla Wydziału Mechanicznego. | |
| 650 | 7 | _aMetoda elementów skończonych | |
| 650 | 7 | _aProjektowanie wspomagane komputerowo | |
| 650 | 7 | _aKonstrukcje | |
| 650 | 7 | _aMechanika stosowana | |
| 655 | 7 | _aPodręczniki akademickie | |
| 658 | _aInżynieria i technika | ||
| 710 | 2 |
_aWydawnictwo Uczelniane (Wyższa Szkoła Inżynierska ; Koszalin) _4pbl |
|
| 830 | 0 | _aSkrypty - Wyższa Szkoła Inżynierska w Koszalinie | |
| 856 |
_uhttp://dlibra.tu.koszalin.pl/dlibra/docmetadata?id=216&from=&dirids=1&ver_id=&lp=1&QI= _yBiblioteka Cyfrowa |
||
| 856 |
_uhttp://koha.tu.koszalin.pl/cgi-bin/koha/opac-detail.pl?biblionumber=5763 _yKatalog online BPK |
||
| 942 |
_2UKD _cKS |
||
| 999 |
_c5763 _d5763 |
||